Soordas / (Record no. 5802)

MARC details
000 -LEADER
fixed length control field 00571nam a2200217Ia 4500
003 - CONTROL NUMBER IDENTIFIER
control field OSt
005 - DATE AND TIME OF LATEST TRANSACTION
control field 20241120103422.0
008 - FIXED-LENGTH DATA ELEMENTS--GENERAL INFORMATION
fixed length control field 210324s9999||||xx |||||||||||||| ||und||
040 ## - CATALOGING SOURCE
Transcribing agency STCPL
041 ## - LANGUAGE CODE
Language code of text/sound track or separate title Hindi
082 ## - DEWEY DECIMAL CLASSIFICATION NUMBER
Classification number H07
Item number BRA-S
100 ## - MAIN ENTRY--PERSONAL NAME
Personal name Sharma, Brajeshwar
Author in other language ब्रजेश्वर शर्मा
245 #0 - TITLE STATEMENT
Title Soordas /
Statement of responsibility, etc. by Brajeshwar Sharma
Title in other language सूरदास
260 ## - PUBLICATION, DISTRIBUTION, ETC.
Place of publication, distribution, etc. Delhi :
Name of publisher, distributor, etc. Hindi Parishadh Prakashan ,
Date of publication, distribution, etc. 1950 .
300 ## - PHYSICAL DESCRIPTION
Extent 593 p.
Other physical details Hard Back
650 ## - SUBJECT ADDED ENTRY--TOPICAL TERM
Topical term or geographic name entry element Hindi literature
650 ## - SUBJECT ADDED ENTRY--TOPICAL TERM
Topical term or geographic name entry element Study
942 ## - ADDED ENTRY ELEMENTS (KOHA)
Koha item type Books
041 ## - LANGUAGE CODE
Language code of original
942 ## - ADDED ENTRY ELEMENTS (KOHA)
Source of classification or shelving scheme Dewey Decimal Classification
Holdings
Withdrawn status Lost status Source of classification or shelving scheme Damaged status Collection code Not for loan Home library Current library Shelving location Date acquired Total Checkouts Full call number Barcode Date last seen Price effective from Koha item type Cost, normal purchase price
    Dewey Decimal Classification   Hindi   ST. THOMAS COLLEGE LIBRARY, PALAI ST. THOMAS COLLEGE LIBRARY, PALAI Hindi 2021-07-10   H07 BRA-S 9979 2021-07-10 2021-07-10 Books  
    Dewey Decimal Classification   Hindi   ST. THOMAS COLLEGE LIBRARY, PALAI ST. THOMAS COLLEGE LIBRARY, PALAI Hindi 2021-07-10   H07 BRA-S 9981 2021-07-10 2021-07-10 Books 8.00
Rights reserved ©2021 ST. THOMAS COLLEGE LIBRARY
A joint venture of - St. Thomas College Library and
Department of Computer Science, St. Thomas Collge Palai